Statistics for NBA Free Throw Percentage Leaders by Year

Click here to take the quiz!

General Stats

  • This quiz has been taken 6,688 times
    (1,572 since last reset)
  • The average score is 9 of 28

Answer Stats

YearsPlayer% Correct
2011 | 2015 | 2016 | 2018Stephen Curry
99%
2021Chris Paul
79%
2013Kevin Durant
71%
2023Tyler Herro
71%
2022Jordan Poole
66%
2006 | 2010Steve Nash
64%
1991 | 1999 | 2001 | 2002 | 2005Reggie Miller
58%
1984 | 1986 | 1987 | 1990Larry Bird
51%
2017CJ McCollum
46%
1989Magic Johnson
41%
1975 | 1976 | 1978 | 1979 | 1980Rick Barry
40%
1992 | 1993 | 1997Mark Price
32%
2019Malcolm Brogdon
24%
2009José Calderón
20%
2004 | 2008Peja Stojaković
20%
1998Chris Mullin
19%
2007Kyle Korver
15%
1995Spud Webb
14%
2014Brian Roberts
12%
2000Jeff Hornacek
11%
2003Allan Houston
9%
1981 | 1983Calvin Murphy
9%
1994 | 1996Mahmoud Abdul-Rauf
6%
2020Brad Wanamaker
3%
2012Jamal Crawford
3%
1977Ernie DiGregorio
2%
1988Jack Sikma
2%
1982 | 1985Kyle Macy
2%

Score Distribution

Percentile by Number Answered

Percent of People with Each Score

Your Score History

You have not taken this quiz since the last reset